| 000 | 01523cam a22003254a 4500 | ||
|---|---|---|---|
| 999 |
_c129745 _d129745 |
||
| 001 | 12702338 | ||
| 003 | ARRUPE | ||
| 005 | 20190827100044.0 | ||
| 008 | 020313s2003 maua b 001 0 eng | ||
| 010 | _a 2002023523 | ||
| 020 | _a0072402857 (alk. paper) | ||
| 020 | _a007119469X (international : alk. paper) | ||
| 040 |
_aDLC _cDLC _dDLC |
||
| 042 | _apcc | ||
| 050 | 0 | 0 |
_aTS155 _b.D248 2003 |
| 082 | 0 | 0 |
_a658.5 _221 |
| 100 | 1 |
_aDavis, Mark M., _d1944- _947919 |
|
| 245 | 1 | 0 |
_aFundamentals of operations management / _cMark M. Davis, Nicholas J. Aquilano, Richard B. Chase. |
| 250 | _a4th ed. | ||
| 260 |
_aBoston : _bMcGraw-Hill/Irwin, _cc2003. |
||
| 300 |
_axxviii, 667p. ; _c26cm. |
||
| 504 | _aIncludes bibliographical references and index. | ||
| 538 | _aSystem requirements for accompanying CD-ROM: Pentium based processor; Microsoft Windows 98/2000. | ||
| 650 | 0 |
_aProduction management. _947920 |
|
| 700 | 1 |
_aAquilano, Nicholas J. _947921 |
|
| 700 | 1 |
_aChase, Richard B. _947922 |
|
| 856 | 4 | 2 |
_3Publisher description _uhttp://www.loc.gov/catdir/enhancements/fy0613/2002023523-d.html |
| 856 | 4 | 1 |
_3Table of contents only _uhttp://www.loc.gov/catdir/enhancements/fy0613/2002023523-t.html |
| 906 |
_a7 _bcbc _corignew _d1 _eocip _f20 _gy-gencatlg |
||
| 942 |
_2lcc _cMONOGRAPH |
||